| 000 | 00696cam a2200241 4500 | ||
|---|---|---|---|
| 001 | ABS62027 | ||
| 008 | 000000n2000 000 0 eng u | ||
| 035 | _a(Sirsi) u104893 | ||
| 100 | _aCannon, J. | ||
| 245 | _aBuilding intelligence | ||
| 260 | _c2000 | ||
| 490 |
_aBuilding _v265(8128) 17 March 2000, 82-89(8) |
||
| 520 | _aPredicts what will happen in the construction industry over the next two years. | ||
| 590 | _aABS | ||
| 650 | _aINDUSTRIAL SECTOR | ||
| 650 | _aSOCIAL HOUSING | ||
| 650 | _aRESIDENTIAL SECTOR | ||
| 650 | _aHOUSE BUILDING | ||
| 650 | _aCOMMERCIAL SECTOR | ||
| 650 | _aCONSTRUCTION MARKET | ||
| 690 | _aBUILT ENVIRONMENT-CONSTRUCTION MARKET | ||
| 942 | _n0 | ||
| 999 |
_c62923 _d62923 |
||